Les meilleurs joueurs sur FIFA 07 - Statistiques

Statistiques générales
  • Ce quiz a été pris 133 fois
  • Le résultat moyen est 12 sur 27
Statistiques - réponses
Note Joueurs Club % Correct
92 Wayne Rooney Manchester United
87%
90 Thierry Henry Arsenal
80%
88 Juninho Lyon
79%
91 Ronaldinho FC Barcelone
78%
92 Gianluigi Buffon Juventus
74%
89 Frank Lampard Chelsea
64%
88 Samuel Eto'o FC Barcelone
63%
89 Francesco Totti AS Roma
58%
89 Iker Casillas Real Madrid
56%
88 Carles Puyol FC Barcelone
50%
88 David Villa FC Valence
48%
89 Cris Lyon
47%
90 John Terry Chelsea
47%
91 Alessandro Nesta AC Milan
45%
89 Petr Čech Chelsea
45%
91 Grégory Coupet Lyon
43%
88 Andriy Shevchenko Chelsea
40%
89 David Trezeguet Juventus
39%
90 Fabio Cannavaro Real Madrid
39%
88 Adriano Inter Milan
38%
88 Dida AC Milan
31%
89 Luca Toni Fiorentina
25%
88 Juan Román Riquelme Villareal
16%
88 Hernán Crespo Inter Milan
15%
88 Lúcio Bayern Munich
14%
89 Zé Roberto Santos FC
13%
88 Santiago Cañizares FC Valence
5%
Aucun quiz correspondant
Distribution des résultats
% des personnes avec chaque résultat
Percentile par nombre de réponses
Votre historique - résultats
Vous n’avez pas pris ce quiz